[Event "South Ural Cup-B"]
[Site "Cheliabinsk"]
[Date "2021.06.27"]
[Round "3"]
[White "Safin, Timur"]
[Black "Rezvy, Lev"]
[Result "1/2-1/2"]
[WhiteElo "2190"]
[BlackElo "2265"]
[PlyCount "133"]
[EventDate "2021.06.25"]
[EventType "tourn"]
[EventRounds "9"]
[EventCountry "RUS"]
[EventCategory "4"]
[SourceTitle "CBM 203 Extra"]
[Source "ChessBase"]
[SourceDate "2021.09.30"]
[SourceVersion "1"]
[SourceVersionDate "2021.09.30"]
[SourceQuality "1"]

1. e4 e6 2. d4 d5 3. Nd2 c5 4. Ngf3 cxd4 5. exd5 Qxd5 6. Bc4 Qd6 7. 0-0 Nf6 8. Nb3 Nc6 9. Nbxd4 Nxd4 10. Nxd4 a6 11. c3 Be7 12. a4 Qc7 13. Bd3 b6 14. Bg5 Bb7 15. Re1 0-0 16. Qe2 h6 17. Bh4 Rfe8 18. Bc2 Rac8 19. Qd3 Qc4 20. Qh3 Nd5 21. Bxe7 Rxe7 22. Qh4 Qc7 23. Rad1 Rd7 24. Qe4 Nf6 25. Qe2 Rd5 26. Rd3 Rh5 27. Rg3 Qc4 28. Qe3 Rh4 29. Bb3 Qc5 30. Nxe6 fxe6 31. Bxe6+ Kf8 32. Bxc8 Qxe3 33. Rgxe3 Bxc8 34. Re7 Rxa4 35. Ra7 Bd7 36. h3 a5 37. Rd1 Ke7 38. Rb7 b5 39. Kf1 Re4 40. f3 Re6 41. b3 a4 42. c4 axb3 43. cxb5 Rd6 44. Rb1 Rd3 45. Ke2 Rc3 46. Ra7 Nd5 47. Kd2 Kd6 48. b6 Rc2+ 49. Ke1 b2 50. b7 Kc7 51. b8Q+ Kxb8 52. Rxb2+ Rxb2 53. Rxd7 Nf4 54. Rxg7 Nxg2+ 55. Kf1 Nf4 56. Rg4 Nd5 57. Rg6 Rb6 58. Rxb6+ Nxb6 59. Kf2 Nd5 60. Kg3 Kc7 61. Kg4 Ne7 62. Kh5 Nf5 63. Kg6 Nh4+ 64. Kxh6 Nxf3 65. Kh5 Kd6 66. h4 Nxh4 67. Kxh4 1/2-1/2

[Event "Cheliabinsk Variant Gp-A"]
[Site "Cheliabinsk"]
[Date "2021.03.28"]
[Round "7"]
[White "Zhukov, Anton"]
[Black "Safin, Timur"]
[Result "1/2-1/2"]
[WhiteElo "2224"]
[BlackElo "2154"]
[PlyCount "119"]
[EventDate "2021.03.23"]
[EventType "swiss"]
[EventRounds "10"]
[EventCountry "RUS"]
[SourceTitle "CBM 202 Extra"]
[Source "ChessBase"]
[SourceDate "2021.07.31"]
[SourceVersion "1"]
[SourceVersionDate "2021.07.31"]
[SourceQuality "1"]

1. d4 Nf6 2. Nf3 e6 3. c4 b6 4. g3 Bb7 5. Bg2 Bb4+ 6. Bd2 Qe7 7. 0-0 Bxd2 8. Qxd2 0-0 9. Nc3 Ne4 10. Nxe4 Bxe4 11. Qf4 d5 12. cxd5 exd5 13. Rac1 c5 14. dxc5 bxc5 15. Qe3 Qb7 16. Qxc5 Qxb2 17. Nh4 Nd7 18. Qc7 Nf6 19. Bxe4 dxe4 20. Rc2 Qb6 21. Nf5 Qxc7 22. Rxc7 g6 23. Rc6 Nd5 24. Rc5 Nf6 25. Rc6 Nd5 26. Rd1 Nb6 27. Nd6 Rfd8 28. Rdc1 f5 29. g4 Nd5 30. gxf5 Nb4 31. Rc8 Nxa2 32. Rxa8 Rxa8 33. Rc7 Nb4 34. Rc4 Nd5 35. fxg6 hxg6 36. Nxe4 a5 37. Rd4 Nc7 38. Nc3 Ne6 39. Rc4 Kf7 40. f4 Rb8 41. Nd5 Rb5 42. e4 Rb2 43. h4 Rd2 44. Kf1 Rd4 45. Rxd4 Nxd4 46. Kf2 a4 47. Nb4 a3 48. Na2 Ke6 49. Kg3 Kf6 50. Kh3 Nf3 51. Kg4 Nh2+ 52. Kg3 Nf1+ 53. Kf2 Nh2 54. Ke3 Ke6 55. Ke2 Kf6 56. Kf2 Ng4+ 57. Kg3 Ne3 58. Kf3 Nf1 59. Ke2 Nh2 60. Kf2 1/2-1/2

[Event "Cheliabinsk Variant Gp-A"]
[Site "Cheliabinsk"]
[Date "2021.03.26"]
[Round "4"]
[White "Safin, Timur"]
[Black "Blinkov, Pavel Vladimir"]
[Result "1/2-1/2"]
[WhiteElo "2154"]
[BlackElo "2286"]
[PlyCount "67"]
[EventDate "2021.03.23"]
[EventType "swiss"]
[EventRounds "10"]
[EventCountry "RUS"]
[SourceTitle "CBM 202 Extra"]
[Source "ChessBase"]
[SourceDate "2021.07.31"]
[SourceVersion "1"]
[SourceVersionDate "2021.07.31"]
[SourceQuality "1"]

1. e4 c6 2. d4 d5 3. exd5 cxd5 4. c4 Nf6 5. Nc3 Nc6 6. cxd5 Nxd5 7. Bc4 e6 8. Nf3 Be7 9. 0-0 0-0 10. Re1 a6 11. a3 b5 12. Nxd5 bxc4 13. Nxe7+ Nxe7 14. Qc2 Bb7 15. Qxc4 Bxf3 16. gxf3 Nf5 17. Rd1 Qh4 18. Qd3 Rad8 19. Qe4 Nxd4 20. Be3 f5 21. Qxh4 Nxf3+ 22. Kf1 Nxh4 23. Rxd8 Rxd8 24. Rc1 Kf7 25. Bg5 Rd4 26. Rc7+ Kg6 27. Bxh4 Rxh4 28. Rc6 Kf6 29. Rxa6 Rxh2 30. b4 Rh1+ 31. Kg2 Rb1 32. Rb6 Ra1 33. Ra6 Rb1 34. Rb6 1/2-1/2

[Event "Cheliabinsk Variant Gp-A"]
[Site "Cheliabinsk"]
[Date "2021.03.24"]
[Round "2"]
[White "Grachev, Alexey1111"]
[Black "Safin, Timur"]
[Result "1-0"]
[WhiteElo "2302"]
[BlackElo "2154"]
[PlyCount "89"]
[EventDate "2021.03.23"]
[EventType "swiss"]
[EventRounds "10"]
[EventCountry "RUS"]
[SourceTitle "CBM 202 Extra"]
[Source "ChessBase"]
[SourceDate "2021.07.31"]
[SourceVersion "1"]
[SourceVersionDate "2021.07.31"]
[SourceQuality "1"]

1. e4 c6 2. d4 d5 3. Nc3 dxe4 4. Nxe4 Bf5 5. Nc5 e5 6. Nxb7 Qb6 7. Nc5 exd4 8. Nb3 Bb4+ 9. Bd2 Nf6 10. Bxb4 Qxb4+ 11. Qd2 Qxd2+ 12. Kxd2 0-0 13. Bd3 Ne4+ 14. Ke1 c5 15. Nxc5 Nxc5 16. Bxf5 Nc6 17. Ne2 g6 18. Bd3 Nb4 19. Kd2 Rac8 20. Rhc1 Rc7 21. Nf4 Rb8 22. b3 Rbc8 23. Bc4 Ne4+ 24. Ke1 Nd6 25. a3 Nxc4 26. axb4 Ne5 27. Kd2 Kg7 28. Ra5 Ng4 29. f3 Nf6 30. Nd3 h5 31. Rc5 h4 32. Ra1 Nd7 33. Rxc7 Rxc7 34. Ra5 Nf6 35. Rc5 Rd7 36. Ne5 Rb7 37. Nc6 h3 38. g4 Nd7 39. Ra5 Nb8 40. Rxa7 Rb6 41. Ne5 Rf6 42. b5 Re6 43. Nxf7 Re3 44. Ng5+ Kg8 45. Rb7 1-0

[Event "Cheliabinsk Variant Gp-A"]
[Site "Cheliabinsk"]
[Date "2021.03.23"]
[Round "1"]
[White "Buksa, Nataliya"]
[Black "Safin, Timur"]
[Result "1-0"]
[WhiteElo "2419"]
[BlackElo "2154"]
[PlyCount "95"]
[EventDate "2021.03.23"]
[EventType "swiss"]
[EventRounds "10"]
[EventCountry "RUS"]
[SourceTitle "CBM 202 Extra"]
[Source "ChessBase"]
[SourceDate "2021.07.31"]
[SourceVersion "1"]
[SourceVersionDate "2021.07.31"]
[SourceQuality "1"]

1. e4 c6 2. Nc3 d5 3. Nf3 Bg4 4. h3 Bxf3 5. Qxf3 e6 6. g3 Nf6 7. Bg2 Be7 8. 0-0 0-0 9. Rd1 d4 10. Nb1 e5 11. d3 c5 12. Qe2 Nc6 13. f4 b5 14. Nd2 Rc8 15. Nf3 Nd7 16. f5 c4 17. Bd2 Qb6 18. Kh1 Nc5 19. b3 cxd3 20. cxd3 a5 21. g4 b4 22. g5 f6 23. g6 h6 24. Rg1 Rfd8 25. Nh2 Bf8 26. Bf1 Rc7 27. Qh5 a4 28. Ng4 Na5 29. bxa4 b3 30. Rb1 Nxa4 31. axb3 Nc3 32. Rb2 Nb7 33. Qh4 Rd6 34. Qh5 Qc6 35. Bxh6 gxh6 36. g7 Bxg7 37. Qg6 Kf8 38. Nxh6 Nxe4 39. Bg2 Qe8 40. Qh7 Ng3+ 41. Kh2 Bxh6 42. Qxh6+ Rg7 43. Bxb7 Nxf5 44. Qh8+ Kf7 45. Qh5+ Kf8 46. Qxf5 Rxb7 47. Rbg2 Qe6 48. Rg8+ 1-0